000 00283nam a2200097 a 4500
005 20201002052237.0
008 150309s2011 000 spa d
245 0 _aGuía de Prestadores de Servicios de Salud.
260 _aSanto Domingo, República Dominicana,
_c2011.
999 _c44911
_d44911
040 _aDO-SdBNP